[Event "Las Americas U1800 rapid op"]
[Site "Tornelo INT"]
[Date "2023.01.14"]
[Round "4"]
[White "Ramirez Sarapura, Ever"]
[Black "Briones Espino, Martin Daniel"]
[Result "1-0"]
[WhiteElo "1319"]
[BlackElo "1545"]
[PlyCount "47"]
[EventDate "2023.01.14"]
[EventType "swiss (rapid)"]
[EventRounds "7"]
[EventCountry "VEN"]
[SourceTitle "CBM 212 Extra"]
[Source "ChessBase"]
[SourceDate "2023.03.31"]
[SourceVersion "1"]
[SourceVersionDate "2023.03.31"]
[SourceQuality "1"]

1. d4 Nf6 2. Bf4 g6 3. Nc3 d5 4. e3 Bg7 5. Qd2 c5 6. Bd3 0-0 7. 0-0-0 c4 8. Be2 Qa5 9. f3 b5 10. e4 dxe4 11. fxe4 b4 12. Nb1 Nxe4 13. Qe3 Bb7 14. Bxc4 Nd7 15. Nf3 Rac8 16. Bb3 Bd5 17. Nbd2 Ndf6 18. Kb1 Ng4 19. Qe2 Nef2 20. h3 Nxh1 21. hxg4 e6 22. Rxh1 Qb6 23. Qe3 Qc6 24. Ne1 1-0

[Event "Las Americas U1800 rapid op"]
[Site "Tornelo INT"]
[Date "2023.01.14"]
[Round "6"]
[White "Ramirez Sarapura, Ever"]
[Black "Gonzales Guerrero, Eduardo Mariano"]
[Result "0-1"]
[WhiteElo "1319"]
[BlackElo "1322"]
[PlyCount "106"]
[EventDate "2023.01.14"]
[EventType "swiss (rapid)"]
[EventRounds "7"]
[EventCountry "VEN"]
[SourceTitle "CBM 212 Extra"]
[Source "ChessBase"]
[SourceDate "2023.03.31"]
[SourceVersion "1"]
[SourceVersionDate "2023.03.31"]
[SourceQuality "1"]

1. d4 d5 2. Bf4 Nf6 3. e3 Bf5 4. Nf3 c6 5. c3 e6 6. Ne5 Nbd7 7. Bd3 Bxd3 8. Qxd3 Be7 9. Nd2 a5 10. Bg3 Qb6 11. Qc2 c5 12. f4 Rc8 13. 0-0 cxd4 14. exd4 0-0 15. Nxd7 Nxd7 16. Nf3 Nf6 17. Rab1 Ne4 18. Qe2 Bd6 19. Nd2 f5 20. Nxe4 fxe4 21. Qg4 Rf5 22. Qh4 Rcf8 23. Qg4 h5 24. Qe2 g6 25. c4 Qxd4+ 26. Kh1 Bxf4 27. Rxf4 Rxf4 28. Bxf4 Rxf4 29. cxd5 exd5 30. Rc1 Qd3 31. Qe1 e3 32. h3 e2 33. Kh2 Rf1 34. Qxa5 Rxc1 35. Qd8+ Kh7 36. Qe7+ Kh6 37. h4 Rh1+ 38. Kxh1 e1Q+ 39. Qxe1 Qe4 40. Qxe4 dxe4 41. Kg1 g5 42. Kf2 gxh4 43. Ke3 Kg5 44. Kxe4 Kg4 45. b4 Kg3 46. a4 Kxg2 47. a5 h3 48. b5 h2 49. a6 bxa6 50. b6 Kg1 51. Ke5 h1Q 52. Kd6 Qb7 53. Kc5 h4 0-1